000 04018nam a2200313 a 4500
003 OSt
005 20250922091636.0
007 cr ||||||a|a|a
008 250818s2025 mx a|||fom||| 001 0 spa d
040 _erda
100 1 _aChico Luna, Adriel
_9190950
245 1 0 _aIdentificación de moscas de la fruta (Diptera: Tephritidae) en frutales del género Prunus y Juglans regia (Nuez de castilla) en Nealtican, Puebla /
_cpor Adriel Chico Luna; director de tesis Candelario Santillán Ortega; secretario Juan Lorenzo Medina Pitalua; vocal Santos Gerardo Leyva Mir; suplente Jaime Alfredo Urzua Gutierrez; suplente Calixto Leopoldo Carrillo Fonseca.
264 1 _aChapingo, México :
_bEl autor,
_c2025.
300 _a1 recurso en línea (87 páginas):
_bcuadros, figuras.
336 _2rdacontent
_atexto
_btxt
337 _2rdamedia
_acomputadora
_bc
338 _2rdacarrier
_arecurso en línea
_bcr
502 _bIAEPA
_cParasitología
_d2025.
_gLIC
504 _aIncluye referencias bibliográficas:74-76 páginas .
520 _aLa familia Tephritidae mejor conocidas como moscas de la fruta son de gran importancia ya que causan mermas en la producción de diversos frutales; y la mayoría de estas moscas tienen un amplio rango de hospedantes tanto primarios como secundarios. En México las especies que se han reportado son moscas del género Anastrepha y Rhagoletis; y en el sur del país cerca de la frontera con Guatemala hay presencia de Ceratitis capitata la cual se encuentra bajo control y erradicación mediante el programa mosca del mediterráneo. Los frutales del género Prunus comúnmente llamados frutos de hueso son de clima templado ya que en su mayoría necesitan de horas frío. Los frutales de este género presentes en el municipio de Nealtican son el capulín, durazno, chabacano y ciruela; los cuales tienen su fase de fructificación de mayo a julio. Anteriormente estos frutos tenían gran importancia en Nealtican, que llegó a ser primer productor de chabacano en el estado de Puebla. El nogal de castilla tiene importancia en la zona, es frecuentemente utilizado en fresco para la temporada de chiles en nogada en el mes de agosto; ya que es el ingrediente principal para la nogada. La identificación de moscas de la futa sirve para detectar la presencia de alguna especie de importancia cuarentenaria, así como conocer que especies están presentes y evaluar si tiene una baja o alta prevalencia para aplicar las medidas fitosanitarias correspondientes en cada caso. El estudio se llevó a cabo en Nealtican, Puebla del 06 de mayo al 29 de julio de 2023 con la finalidad de identificar las especies presentes y evaluar la prevalencia mediante el número de moscas por trampa por día (MTD) de cada especie; para ello se establecieron 47 trampas artesanales con el mismo principio de las trampas McPhail ubicadas en ocho huertos frutales, se utilizó proteína hidrolizada CeraTrap® como atrayente. La revisión se hizo cada siete días para recolectar los especímenes capturados, se preservaron en alcohol al 70% e identificaron en el laboratorio mediante claves taxonómicas. Se encontraron cuatro especies, dos del género Anastrepha y dos del género Rhagoletis. Con mayor presencia R. zoqui con el 90.19%, R. cingulata con el 6.79%, A. obliqua con el 2.64% y A. ludens con el 0.38%. La semana con mayor captura fue la semana seis con 71 moscas; la trampa que más capturo fue la trampa 13 con 190 moscas, ubicada en el huerto número dos.
650 4 _aMosca de la fruta
_xIdentificación
_9136458
700 1 _aSantillán Ortega, Candelario
_9102429
_edirector.
700 1 _aMedina Pitalúa, Juan Lorenzo
_974013
_esecretario.
700 1 _aLeyva Mir, Santos Gerardo
_966581
_evocal.
700 1 _aUrzúa Gutiérrez, Jaime Alfredo
_9117018
_esuplente.
700 1 _aCarrillo Fonseca, Calixto Leopoldo
_919482
_esuplente.
856 _uhttp://10.13.5.2/tesis/tl/1610442-2_CHICO_LUNA_ADRIEL.pdf
_zDESCARGAR PDF
942 _2Clasificación Universidad Autónoma Chapingo
_cTD
999 _c220821
_d220821